[Event "Chigorin Mem"]
[Site "St Petersburg RUS"]
[Date "2000.11.09"]
[Round "8"]
[White "Filippov,V"]
[Black "Kiriakov,P"]
[Result "1/2-1/2"]
[WhiteElo "2593"]
[BlackElo "2525"]

1.Nf3 Nf6 2.c4 e6 3.g3 d5 4.d4 Be7 5.Bg2 O-O 6.O-O dxc4 7.Qc2 a6 8.a4 Bd7
9.Qxc4 Bc6 10.Bg5 Nbd7 11.Nc3 h6 12.Bf4 Bd6 13.Rfd1 a5 14.Ne5 Bxg2 15.Kxg2 Nb6
16.Qb3 Nfd5 17.Ne4 Bb4 18.Nc5 Nxf4+ 19.gxf4 Qd5+ 20.Qxd5 Nxd5 21.Kf3 Bxc5
22.dxc5 Rfd8 23.Rd2 f5 24.Rad1 g5 25.h4 g4+ 26.Kg3 Kg7 27.f3 gxf3 28.Kxf3 Kf6
29.h5 Rg8 30.Ng6 Rab8 31.e4 fxe4+ 32.Kxe4 c6 33.Rd3 Rbd8 34.Rg1 Rg7 35.Rdg3 Rdg8
36.Rg4 Rh7 37.Ne5 Rxg4 38.Rxg4 Ke7 39.Ng6+ Kf6 40.Rg3 Rg7 41.Rb3 Nb4 42.Rc3 Rg8
43.Kf3 Rd8  1/2-1/2

[Event "Chigorin Mem"]
[Site "St Petersburg RUS"]
[Date "2000.11.10"]
[Round "9"]
[White "Yevseev,D"]
[Black "Aseev,K"]
[Result "1/2-1/2"]
[WhiteElo "2516"]
[BlackElo "2554"]

1.d4 Nf6 2.c4 e6 3.g3 d5 4.Bg2 Be7 5.Nf3 O-O 6.O-O dxc4 7.Qc2 a6 8.a4 Bd7
9.Qxc4 Bc6 10.Bg5 Bd5 11.Qc2 Be4 12.Qc1 a5 13.Nc3 Bc6 14.Qc2 h6 15.Bxf6 Bxf6
16.e4 Na6 17.Rfd1 Nb4 18.Qe2 Re8 19.h4 g6 20.Rd2 Bg7 21.Rad1 Qd7 22.Qe3 Qe7
23.Qf4 Qd6 24.Qe3 Qe7 25.Qf4 Qd6 26.Qe3  1/2-1/2

[Event "34th Olympiad"]
[Site "Istanbul TUR"]
[Date "2000.11.12"]
[Round "14"]
[White "Olsen,H"]
[Black "Alzaim,T"]
[Result "1-0"]
[WhiteElo "2313"]
[BlackElo "2249"]

1.d4 d5 2.c4 e6 3.Nf3 Nf6 4.g3 Be7 5.Bg2 O-O 6.O-O c5 7.cxd5 exd5 8.Nc3 c4
9.Ne5 Nc6 10.e4 dxe4 11.Nxc6 bxc6 12.Nxe4 Bf5 13.Re1 Rb8 14.Nc3 Nd5 15.Re5 Be6
16.Nxd5 cxd5 17.b3 Bf6 18.Re1 Qa5 19.Bf4 Rbc8 20.Be5 Be7 21.bxc4 dxc4 22.d5 Rfd8
23.Bd4 Bxd5 24.Rxe7 Bxg2 25.Qg4 g6 26.Kxg2 Qd5+ 27.Kg1 Qxd4 28.Re8+ Rxe8
29.Qxd4 c3 30.Rc1 Red8 31.Qa4 Rd2 32.Qa6 Rdd8 33.Rc2 Rc7 34.Qf6 Rdc8 35.h4 h5
36.Kh2 Rc6 37.Qd4 R8c7 38.Kg2 Rc4 39.Qf6 R4c6 40.Qd8+ Kg7 41.f3 Rc4 42.Kh3 R7c6
43.Qd3 Rc7 44.g4 hxg4+ 45.fxg4 R7c5 46.Qe3 a6 47.Qe7 Rc7 48.Qe5+ f6 49.Qe3 R4c5
50.Kg3 a5 51.g5 fxg5 52.hxg5 Rf5 53.Rh2 Rd5 54.Qf4 Rc6 55.Rf2 Rf5 56.Qd4+  1-0

[Event "Mitropa Cup"]
[Site "Aymavilles ITA"]
[Date "2000.11.25"]
[Round "8"]
[White "Sebenik,M"]
[Black "Costantini,R"]
[Result "1-0"]
[WhiteElo "2287"]
[BlackElo "2233"]

1.Nf3 Nf6 2.c4 e6 3.g3 d5 4.d4 Be7 5.Bg2 O-O 6.O-O c6 7.b3 Nbd7 8.Bb2 Ne4
9.Nbd2 f5 10.Qc2 b6 11.cxd5 cxd5 12.Qc6 Ba6 13.Qxe6+ Kh8 14.Qxd5 Bxe2 15.Rfe1 Bd3
16.Re3 Bc2 17.Rc1 Rc8 18.Nc4 Nef6 19.Qe6 Be4 20.Ng5 Ng4 21.Nf7+ Rxf7 22.Qxf7 Nxe3
23.Nxe3 Rxc1+ 24.Bxc1 Qf8 25.Qe6 Bxg2 26.Kxg2 f4 27.Qxd7 fxe3 28.Bxe3 h6
29.d5 Bf6 30.Qe6 Qd8 31.Bf4 Qf8 32.Be5 Be7 33.Qxh6+ Kg8 34.Qe6+ Kh7 35.h4 Bc5
36.f4 Be7 37.h5  1-0

[Event "TCh-SVK"]
[Site "SVK"]
[Date "2000.11.25"]
[Round "3"]
[White "Hlinka,V"]
[Black "Djubek,B"]
[Result "0-1"]
[WhiteElo "2191"]
[BlackElo "2191"]

1.d4 d5 2.c4 e6 3.g3 Nf6 4.Bg2 Be7 5.Nf3 c6 6.O-O Nbd7 7.Qc2 O-O 8.Rd1 Qb6
9.c5 Qd8 10.Bf4 b6 11.cxb6 Qxb6 12.Nc3 Ba6 13.Rdc1 Rac8 14.Na4 Qb5 15.Bf1 Ne4
16.Nc3 Nxc3 17.bxc3 c5 18.e4 c4 19.exd5 Qxd5 20.Bg2 Qa5 21.a4 Nb6 22.g4 Nd5
23.Bg3 Rfd8 24.Rab1 Ba3 25.Re1 Qxc3 26.Qe4 Qd3 27.Qxd3 cxd3 28.Rb3 Bb4 29.Reb1 d2  0-1

[Event "National Chess Congress"]
[Site "Philadelphia USA"]
[Date "2000.11.27"]
[Round "4"]
[White "Ippolito,D"]
[Black "Hoekstra,M"]
[Result "1/2-1/2"]
[WhiteElo "2376"]
[BlackElo "2162"]

1.d4 Nf6 2.c4 e6 3.g3 d5 4.Bg2 Be7 5.Nf3 O-O 6.O-O c6 7.Qb3 Nbd7 8.Bg5 b6
9.Rd1 Ne4 10.Bxe7 Qxe7 11.Nc3 Nd6 12.Nd2 Bb7 13.e4 dxe4 14.Ndxe4 Nxe4 15.Nxe4 Rab8
16.Qa4 a6 17.c5 b5 18.Qa3 Nf6 19.Nxf6+ Qxf6 20.Qc3 Rfd8 21.a4 Rd7 22.Rd2 Qd8
23.Be4 g6 24.h4 h5 25.Kg2 Qc7 26.Rad1 Ba8 27.b4 bxa4 28.Ra1 Rbd8 29.f4 Bb7
30.Rxa4 Bc8 31.Ra1 Bb7 32.Rf1  1/2-1/2

[Event "Mitropa Team Cup"]
[Site "Charleville FRA"]
[Date "2000.11.30"]
[Round "6"]
[White "Tratar,M"]
[Black "Arlandi,E"]
[Result "1/2-1/2"]
[WhiteElo "2410"]
[BlackElo "2437"]

1.Nf3 Nf6 2.c4 e6 3.g3 d5 4.d4 Be7 5.Bg2 O-O 6.O-O dxc4 7.Qc2 a6 8.Qxc4 b5
9.Qc2 Bb7 10.Bf4 Nc6 11.Rd1 Nb4 12.Qc1 Nbd5 13.Nc3 Rc8 14.Nxd5 Bxd5 15.Qe3  1/2-1/2

[Event "Schacknytt GM"]
[Site "Upplands Vasby SWE"]
[Date "2000.12.05"]
[Round "1"]
[White "Sokolov,An2"]
[Black "Rozentalis,E"]
[Result "1-0"]
[WhiteElo "2509"]
[BlackElo "2570"]

1.c4 e6 2.g3 Nf6 3.Bg2 d5 4.Nf3 Be7 5.d4 O-O 6.O-O dxc4 7.Qc2 a6 8.a4 Bd7
9.Qxc4 Bc6 10.Nc3 Bd5 11.Nxd5 exd5 12.Qb3 Nc6 13.Bf4 Bd6 14.Bg5 Re8 15.e3 Na5
16.Qc3 Nc4 17.b3 Nb6 18.Bxf6 Qxf6 19.Ne1 a5 20.Nd3 c6 21.Rfc1 g6 22.Qd2 Qe7
23.Nc5 f5 24.Rab1 Ra7 25.Bf1 Bxc5 26.Rxc5 Rea8 27.Rcc1 Nc8 28.Bd3 Nd6 29.Rc5 Qc7
30.Qc3 Qf7 31.Qd2 Qf6 32.Re1 g5 33.f3 Kh8 34.Kg2 Rf8 35.Rxa5 Rxa5 36.Qxa5 f4
37.exf4 gxf4 38.g4 Qxd4 39.Qc7 Nf7 40.Qe7 Kg7 41.Bf5 c5 42.h4 c4 43.bxc4 dxc4
44.Re2 c3 45.g5 Qd6 46.Bc2 Qxe7 47.Rxe7 Rc8 48.Bb3 c2 49.Rxf7+ Kg6 50.Rf6+ Kg7
51.Bxc2 Rxc2+ 52.Kh3 Rc4 53.Rb6 Rxa4 54.Rxb7+ Kg6 55.Rb6+  1-0

[Event "FSGM December"]
[Site "Budapest HUN"]
[Date "2000.12.08"]
[Round "6"]
[White "Barbero,G"]
[Black "Lukacs,P"]
[Result "1/2-1/2"]
[WhiteElo "2445"]
[BlackElo "2488"]

1.d4 Nf6 2.c4 e6 3.g3 d5 4.Bg2 Be7 5.Nf3 O-O 6.O-O Nbd7 7.Qc2 c6 8.b3 b6
9.Bb2 Bb7 10.Nbd2 Rc8 11.e4 dxe4 12.Nxe4 Nxe4 13.Qxe4 Nf6 14.Qe2 c5 15.dxc5 Bxc5
16.Rad1 Qe7  1/2-1/2

[Event "Schacknytt GM"]
[Site "Upplands Vasby SWE"]
[Date "2000.12.08"]
[Round "4"]
[White "Rausis,I"]
[Black "Kulaots,K"]
[Result "1-0"]
[WhiteElo "2551"]
[BlackElo "2491"]

1.c4 Nf6 2.Nf3 e6 3.g3 d5 4.d4 Be7 5.Bg2 O-O 6.Qc2 Nc6 7.O-O Nb4 8.Qb3 dxc4
9.Qxc4 b6 10.Nc3 Ba6 11.Qb3 c5 12.dxc5 Bxc5 13.Ne5 Rc8 14.Bg5 Qd4 15.Bf4 Nbd5
16.e3 Qb4 17.Rfd1 Nxf4 18.gxf4 Rc7 19.Nc6 Qc4 20.Qc2 Bxe3 21.fxe3 Rxc6 22.Rd4 Qc5
23.Bxc6 Qxc6 24.Qg2 Qc7 25.Rad1 Bb7 26.Nb5 Qb8 27.Qd2 Ne4 28.Qb4 Nc5 29.Qd2 Ne4
30.Qc2 a6 31.Qc7 g5 32.Qxb8 Rxb8 33.Rd8+ Rxd8 34.Rxd8+ Kg7 35.Nd6 Nxd6 36.Rxd6 b5
37.fxg5 Kg6 38.Kf2 Kxg5 39.Rd7 Bd5 40.Rxf7 Bxa2  1-0

[Event "Bundesliga 2000-1"]
[Site "Plauen GER"]
[Date "2000.12.09"]
[Round "3"]
[White "Ftacnik,L"]
[Black "Beliavsky,A"]
[Result "0-1"]
[WhiteElo "2608"]
[BlackElo "2654"]

1.Nf3 d5 2.d4 Nf6 3.c4 e6 4.g3 Be7 5.Bg2 O-O 6.O-O dxc4 7.Qc2 a6 8.a4 Bd7
9.Qxc4 Bc6 10.Rd1 a5 11.Nc3 Na6 12.Bg5 Bd5 13.Qb5 Nb4 14.Bxf6 Bxf6 15.e4 Bc6
16.Qc4 g6 17.Rac1 Re8 18.d5 exd5 19.exd5 Bd7 20.Nd4 Be5 21.b3 Qe7 22.Re1 Qf6
23.Ne4 Qg7 24.Nc5 Bxd4 25.Nxd7 Rad8 26.Rcd1 Bxf2+ 27.Kxf2 Qb2+ 28.Kg1 Rxe1+
29.Rxe1 Rxd7 30.Re8+ Kg7 31.Qc5 Qa1+ 32.Bf1 Rd6 33.Qxc7 Qd4+ 34.Kg2 Qxd5+
35.Kg1 Qd4+ 36.Kg2 Rf6 37.Bc4 Qf2+ 38.Kh1 Nd3 39.Bxd3 Qf3+ 40.Kg1 Qd1+ 41.Kg2 Qxd3
42.Qc4 Qf3+ 43.Kh3 g5 44.Qd4 Qf1+ 45.Kg4 Qf5+ 46.Kh5 Qh3+  0-1

[Event "Bundesliga 2000-1"]
[Site "Gelsenkirchen GER"]
[Date "2000.12.10"]
[Round "4"]
[White "Andersson,U"]
[Black "Sadler,M"]
[Result "1/2-1/2"]
[WhiteElo "2641"]
[BlackElo "2628"]

1.Nf3 d5 2.d4 Nf6 3.c4 e6 4.g3 Be7 5.Bg2 O-O 6.O-O dxc4 7.Qc2 a6 8.Qxc4 b5
9.Qc2 Bb7 10.Bg5 Nbd7 11.Bxf6 Nxf6 12.Nbd2 Rc8 13.Nb3 Be4 14.Qc3 Nd5 15.Qc1 c5
16.Nxc5 Bxc5 17.dxc5 Qe7 18.Qd2 Rxc5 19.Rfc1 Rfc8 20.Ne1 Bxg2 21.Kxg2 h6
22.Nd3 Qb7 23.Kg1 Rc4 24.Ne5 R4c7 25.Nd3 Rc4 26.Ne5 R4c7 27.Nd3  1/2-1/2

[Event "Open"]
[Site "Mallorca ESP"]
[Date "2000.12.10"]
[Round "9"]
[White "De la Villa Garcia,J"]
[Black "Baches Garcia,G"]
[Result "1-0"]
[WhiteElo "2458"]
[BlackElo "2393"]

1.d4 d5 2.c4 e6 3.Nf3 Nf6 4.g3 Be7 5.Bg2 O-O 6.O-O c6 7.Nbd2 Nbd7 8.Qc2 b6
9.e4 Bb7 10.e5 Ne8 11.b3 Rc8 12.Bb2 Qc7 13.Rac1 Qb8 14.cxd5 cxd5 15.Qd3 Rxc1
16.Rxc1 Nc7 17.h4 Ba6 18.Qb1 Rc8 19.Ng5 Nf8 20.Ndf3 Qb7 21.Nh3 Nb5 22.Bf1 Rc6
23.Bd3 Nc7 24.Nf4 Bxd3 25.Nxd3 Nb5 26.Kg2 a5 27.a4 Na3 28.Bxa3 Bxa3 29.Rxc6 Qxc6
30.Nf4 Qc3 31.Ne2 Qc6 32.Qd3 Bb4 33.h5 h6 34.Nh2 Nd7 35.f4 f6 36.g4 fxe5
37.fxe5 Be7 38.Nf3 Nf8 39.Nf4 Qe8 40.Kg3 Qf7 41.Qb5 Bd8 42.Qc6 Kh7 43.Qc2+ Kg8
44.Ng6 Nxg6 45.hxg6 Qe8 46.Kg2 Kf8 47.Ng1 Bg5 48.Ne2 Kg8 49.Nc3 Qc8 50.Qd3 Be7
51.Kh3 Qf8 52.Kg3 Bb4 53.Nd1 Be1+ 54.Kg2 Bb4 55.Qc2 Qe8 56.Nf2 Be7 57.Nh3 Bh4
58.Ng1 Bg5 59.Ne2 Be7 60.Kh3 Bg5 61.Qd3 Qf8 62.Kg3  1-0

[Event "Salona"]
[Site "Solin/Split CRO"]
[Date "2000.12.10"]
[Round "2"]
[White "Kozul,Z"]
[Black "Zelcic,R"]
[Result "0-1"]
[WhiteElo "2611"]
[BlackElo "2457"]

1.d4 Nf6 2.Nf3 e6 3.c4 d5 4.g3 Be7 5.Bg2 O-O 6.O-O dxc4 7.Qc2 a6 8.Qxc4 b5
9.Qc2 Bb7 10.Bf4 Nc6 11.Rd1 Nb4 12.Qc1 Nbd5 13.Nbd2 Nxf4 14.gxf4 Bd6 15.Ne5 Bxg2
16.Kxg2 Nd5 17.Ndf3 Qf6 18.e3 Qf5 19.h3 f6 20.Ng4 h5 21.Ngh2 g5 22.Rg1 Kf7
23.Kh1 gxf4 24.e4 Qxe4 25.Qc6 Rg8 26.h4 Qf5 27.Rxg8 Rxg8 28.Qxa6 Nb4 29.Qb7 Nd3
30.Rf1 Qg6  0-1

[Event "67th ch-BRA"]
[Site "Teresina BRA"]
[Date "2000.12.10"]
[Round "3"]
[White "Lima,Da"]
[Black "De Souza Haro,P"]
[Result "1-0"]
[WhiteElo "2525"]
[BlackElo "2268"]

1.d4 d5 2.c4 e6 3.Nf3 Be7 4.g3 Nf6 5.Bg2 O-O 6.O-O dxc4 7.Ne5 c5 8.dxc5 Qc7
9.Nxc4 Bxc5 10.Nc3 Rd8 11.Bf4 Qe7 12.Qc1 Nc6 13.Bg5 Bd4 14.Ne4 h6 15.Bh4 Bd7
16.Qf4 g5 17.Nxg5 Nd5 18.Bxd5 hxg5 19.Bxg5 f6 20.Bxc6 Bxc6 21.Bh4 b5 22.Ne3 Bxb2
23.Rab1 Bd4 24.Ng4  1-0

[Event "FSIMA December"]
[Site "Budapest HUN"]
[Date "2000.12.14"]
[Round "12"]
[White "Zimmerman,Y"]
[Black "Nieminen,K"]
[Result "1-0"]
[WhiteElo "2379"]
[BlackElo "2225"]

1.d4 Nf6 2.c4 e6 3.Nf3 d5 4.g3 Be7 5.Bg2 O-O 6.Qc2 dxc4 7.Qxc4 a6 8.Bf4 Nd5
9.Nc3 b5 10.Qd3 Bb7 11.Nxd5 Bxd5 12.e4 Bb4+ 13.Bd2 Bxd2+ 14.Nxd2 Bb7 15.Nb3 Nd7
16.Na5 Rb8 17.b4 Ba8 18.O-O Rc8 19.Qc3 Nb6 20.Rfd1 Na4 21.Qc2 e5 22.d5 Qd6
23.a3 g6 24.Rac1 Qd7 25.Nc6 Rce8 26.Na5 Re7 27.Nb3 Nb6 28.Nc5 Qc8 29.Bf1 Rd8
30.a4 Nxa4 31.Nxa4 bxa4 32.Qxa4 Rd6 33.Rc5 Bb7 34.Rdc1 Kg7 35.Qa5 Qg4 36.Bg2 Rb6
37.Qa1 Rxb4 38.Rxc7 Rxc7 39.Qxe5+ Kh6 40.Qxc7 Qe2 41.Qxf7  1-0

[Event "XIII Carlos Torre Open"]
[Site "Merida MEX"]
[Date "2000.12.15"]
[Round "1"]
[White "Miranda,Ru"]
[Black "Sammalvuo,T"]
[Result "0-1"]
[WhiteElo "2234"]
[BlackElo "2388"]

1.d4 d5 2.Nf3 Nf6 3.g3 e6 4.Bg2 Be7 5.c4 O-O 6.Qc2 dxc4 7.O-O a6 8.a4 Bd7
9.Qxc4 Bc6 10.Nc3 b5 11.Qd3 b4 12.Nd1 Be4 13.Qd2 Nc6 14.Ne3 Na5 15.Qd1 c5
16.dxc5 Qxd1 17.Rxd1 Nb3 18.Nd2 Nxa1 19.Nxe4 Rad8 20.Nxf6+ gxf6 21.Re1 Bxc5
22.Ng4 Bd4 23.Bh6 Bxb2 24.Bxf8 Kxf8 25.Ne3 f5 26.Rb1 Bc3 27.Nd1 Nb3 28.e3 a5
29.Bf3 Nd2  0-1

[Event "XIII Carlos Torre Open"]
[Site "Merida MEX"]
[Date "2000.12.16"]
[Round "2"]
[White "Wojtkiewicz,A"]
[Black "Watanabe,A"]
[Result "1-0"]
[WhiteElo "2581"]
[BlackElo "2374"]

1.Nf3 d5 2.d4 Nf6 3.c4 e6 4.g3 Be7 5.Bg2 O-O 6.O-O dxc4 7.Qc2 a6 8.a4 Bd7
9.Qxc4 Bc6 10.Bg5 Nbd7 11.Nc3 Rc8 12.Qd3 Nd5 13.Bxe7 Qxe7 14.e4 Nxc3 15.bxc3 Rfd8
16.Rfe1 Nb6 17.Qc2 Be8 18.Reb1 Rb8 19.c4 e5 20.d5 Nd7 21.Qc3 f6 22.Nd2 b6
23.a5 Nc5 24.Qa3 Kf8 25.Nb3 Na4 26.Rc1 Qxa3 27.Rxa3 Nc5 28.axb6 Nxb3 29.Rxb3 Rxb6
30.Ra3 Rdb8 31.Bf1 Bg6 32.f3 Rb3 33.Rca1 f5 34.Bd3 fxe4 35.fxe4 Ke7 36.Kf2 Rb2+
37.Ke3 Rf8 38.Rxa6 Rbf2 39.Re6+ Kd7 40.Rxe5 R8f3+ 41.Kd4 Rd2 42.Ra3 c5+ 43.dxc6+ Kxc6
44.Re7  1-0

[Event "TCh-SVK"]
[Site "SVK"]
[Date "2000.12.16"]
[Round "5"]
[White "Ftacnik,L"]
[Black "Timoscenko,G"]
[Result "1-0"]
[WhiteElo "2608"]
[BlackElo "2529"]

1.c4 e6 2.Nf3 d5 3.d4 Nf6 4.g3 Be7 5.Bg2 O-O 6.O-O dxc4 7.Qc2 a6 8.a4 Bd7
9.Qxc4 Bc6 10.Bg5 a5 11.Nc3 Na6 12.Bxf6 Bxf6 13.e4 Nb4 14.Rad1 b6 15.Rd2 Bb7
16.Rfd1 Qd7 17.d5 exd5 18.exd5 Rad8 19.Ne4 Qe7 20.Nxf6+ Qxf6 21.Qxc7 Bxd5
22.Qe5 Bb3 23.Qxf6 Rxd2 24.Nxd2  1-0

[Event "1st Wilhelm Steinitz Mem"]
[Site "Prague CZE"]
[Date "2000.12.26"]
[Round "1"]
[White "Konopka,M"]
[Black "Kotan,L"]
[Result "1-0"]
[WhiteElo "2453"]
[BlackElo "2434"]

1.Nf3 d5 2.d4 Nf6 3.c4 e6 4.g3 Be7 5.Bg2 O-O 6.O-O c6 7.Qc2 b6 8.b3 Bb7 9.Nc3 Nbd7
10.Rd1 Rc8 11.e4 Nxe4 12.Nxe4 dxe4 13.Qxe4 Re8 14.Bf4 Ba3 15.Rab1 Qe7 16.Bg5 Nf6
17.Bxf6 gxf6 18.Qg4+ Kh8 19.Qh5 Rg8 20.Ne1 Bd6 21.Nd3 Rg5 22.Qe2 a5 23.Rbc1 c5
24.f4 Rgg8 25.d5 Rce8 26.dxe6 fxe6 27.Re1 Qc7 28.Bxb7 Qxb7 29.Qe4 Qc7 30.Rc2 f5
31.Qf3 Rg6 32.Rd2 Reg8 33.Kf1 Qg7 34.Ne5 Bxe5 35.Rxe5 Qc7 36.Qc3 R8g7 37.Qd3 h5
38.Qd8+ Qxd8 39.Rxd8+ Kh7 40.Rd6 h4 41.Rexe6 Rxe6 42.Rxe6 hxg3 43.hxg3 Rxg3
44.Rxb6 Rf3+ 45.Ke2 Rxf4 46.Rb5 Rh4 47.Rxc5 Rh2+ 48.Ke3 Rxa2 49.Rxf5 Kg6
50.Rf3 Kg5 51.Kd4 Kg4 52.Rf8 Rd2+ 53.Kc5  1-0

[Event "1st Wilhelm Steinitz Mem"]
[Site "Prague CZE"]
[Date "2000.12.30"]
[Round "5"]
[White "Hausner,I"]
[Black "Kotan,L"]
[Result "1-0"]
[WhiteElo "2412"]
[BlackElo "2434"]

1.c4 e6 2.g3 d5 3.Bg2 Nf6 4.Nf3 Be7 5.d4 O-O 6.Nc3 c6 7.O-O Nbd7 8.b3 b6
9.Bb2 Bb7 10.Qc2 Rc8 11.Rad1 Qc7 12.e4 Nxe4 13.Nxe4 dxe4 14.Qxe4 c5 15.d5 Bf6
16.Qc2 exd5 17.cxd5 Qd6 18.Bc1 b5 19.Bf4 Qb6 20.Rfe1 Rce8 21.d6 Rxe1+ 22.Rxe1 h6
23.h4 Rd8 24.h5 Nf8 25.Be3 Ne6 26.b4 Qxd6 27.bxc5 Qc7 28.Rc1 Bc6 29.Qf5 Qb7
30.Ne1 Bg5 31.Bxc6 Qxc6 32.Qf3 Nd4 33.Qxc6 Nxc6 34.f4 Bf6 35.Kf2 Kf8 36.Kf3 Bd4
37.Nd3 f6 38.Nf2 Re8 39.Bxd4 Nxd4+ 40.Kg2 Nc6 41.Rd1 Ke7 42.Ne4 b4 43.Nd6 Rd8
44.Kf3 Ke6 45.Ke4 f5+ 46.Kd3 Rb8 47.Kc2 a5 48.Kb3 Ne7 49.Kc4 b3 50.Re1+ Kd7
51.axb3 Rb4+ 52.Kc3 Nd5+ 53.Kc2 Nf6 54.Nxf5 Nxh5 55.Re7+ Kc6 56.Re5 Kd7 57.Kc3 Rb8
58.Re7+ Kc6 59.Nd4+  1-0

[Event "It"]
[Site "Reggio Emilia ITA"]
[Date "2001.01.02"]
[Round "4"]
[White "Zaja,I"]
[Black "Costantini,R"]
[Result "1/2-1/2"]
[WhiteElo "2513"]
[BlackElo "2233"]

1.d4 d5 2.c4 e6 3.Nf3 Nf6 4.g3 Be7 5.Bg2 O-O 6.O-O dxc4 7.Ne5 Nc6 8.Nxc6 bxc6
9.Qc2 Rb8 10.Qxc4 Rb4 11.Qxc6 Bb7 12.Qc2 Bxg2 13.Kxg2 Qxd4 14.Rd1 Qb6 15.f3 h5
16.e4 Rb8 17.b3 Rb5 18.Nc3 Qc6 19.Qd3 Rd8 20.Qxd8+ Bxd8 21.Rxd8+ Kh7 22.Nxb5 Nxe4
23.fxe4 Qxe4+ 24.Kf2 Qe5 25.Rd4 c5 26.Bf4 Qf6 27.Rdd1 g5 28.Kg1 gxf4 29.Rf1 a6
30.Rad1 axb5 31.Rxf4 Qe7 32.a4 c4 33.axb5 cxb3 34.Rb1 Qc5+ 35.Rf2 Qxb5 36.Rxf7+ Kg6
37.Rf3 Qc5+ 38.Rf2 Qc4 39.Rfb2 Qd4+ 40.Kg2 Qe4+ 41.Kg1 Qd4+  1/2-1/2

[Event "It"]
[Site "Reggio Emilia ITA"]
[Date "2001.01.03"]
[Round "5"]
[White "Vezzosi,P"]
[Black "Iotti,P"]
[Result "1-0"]
[WhiteElo "2421"]
[BlackElo "2294"]

1.d4 Nf6 2.c4 e6 3.g3 d5 4.Nf3 Be7 5.Bg2 O-O 6.O-O c6 7.b3 b6 8.Nbd2 Bb7
9.Bb2 Nbd7 10.e3 Rc8 11.Qe2 c5 12.Rfd1 dxc4 13.Nxc4 Qc7 14.Rac1 Qb8 15.dxc5 Bxc5
16.Nfe5 Nxe5 17.Bxe5 Qa8 18.Bxb7 Qxb7 19.Bd6 Rfd8 20.Bxc5 bxc5 21.Nd6 Rxd6
22.Rxd6 Ne4 23.Rd3 Ng5 24.e4 Nxe4 25.Rcd1 h6 26.h4 f5 27.Rd7 Rc7 28.Qd3 Kh7
29.Rd8 c4 30.bxc4 Qb2 31.Qd4 Qxa2 32.Rc1 a5 33.c5 Qa3 34.Rc4 Rxc5 35.Rxc5 Qxc5
36.Qxc5 Nxc5 37.Rd6 g5 38.Rc6 Ne4 39.hxg5 hxg5 40.Rxe6 Kg7 41.g4 Nd2 42.gxf5 Nf3+
43.Kf1 Nh4 44.f6+ Kf7 45.Ra6 a4 46.Ke2 a3 47.Ke3 a2 48.Ke4 a1=Q 49.Rxa1 Kxf6
50.Ra6+ Kg7 51.Ke5 Kf7 52.Rf6+ Kg7 53.Ke6 Ng6 54.Kf5 Nf4 55.Rd6 Kh7 56.f3  1-0

[Event "Rilton Cup"]
[Site "Stockholm SWE"]
[Date "2001.01.05"]
[Round "9"]
[White "Gleizerov,E"]
[Black "Ahlander,B"]
[Result "1-0"]
[WhiteElo "2557"]
[BlackElo "2436"]

1.d4 Nf6 2.c4 e6 3.g3 d5 4.Nf3 Be7 5.Bg2 O-O 6.O-O dxc4 7.Nc3 Nbd7 8.e4 Nb6
9.a4 a5 10.Qe2 Bd7 11.Ne5 Bc6 12.Rd1 Qe8 13.Bf4 Rc8 14.Nxc4 Nxa4 15.Nxa5 Nxc3
16.bxc3 Bb5 17.c4 Ba6 18.Qc2 c6 19.e5 Nh5 20.Be3 g6 21.Qa2 Ng7 22.g4 Qd7
23.h3 Bb4 24.Qb3 Bxa5 25.Rxa5 Qc7 26.Rc5 Rfd8 27.Rb1 Ne8 28.d5 exd5 29.cxd5 Qe7
30.d6 Qe6 31.Qxe6 fxe6 32.Rb6 Kg7 33.Bxc6 Nxd6 34.exd6 Rxd6 35.Bxb7 Rxb6
36.Bxc8  1-0

[Event "It"]
[Site "Reggio Emilia ITA"]
[Date "2001.01.06"]
[Round "8"]
[White "Romanishin,O"]
[Black "Costantini,R"]
[Result "1-0"]
[WhiteElo "2591"]
[BlackElo "2233"]

1.Nf3 Nf6 2.c4 e6 3.g3 d5 4.Bg2 Be7 5.d4 O-O 6.Qc2 Nc6 7.O-O Nb4 8.Qd1 dxc4
9.Na3 Rb8 10.Nxc4 b5 11.Na5 Bd7 12.Bd2 Nc6 13.Rc1 Qe8 14.Nb3 Bd6 15.Nc5 e5
16.Nxd7 Qxd7 17.Rxc6  1-0

[Event "Troll Masters"]
[Site "Gausdal NOR"]
[Date "2001.01.07"]
[Round "3"]
[White "Johansson,P"]
[Black "Kristensen,Bj"]
[Result "0-1"]
[WhiteElo "2082"]
[BlackElo "2385"]

1.d4 d5 2.Nf3 Nf6 3.c4 e6 4.g3 Be7 5.Bg2 O-O 6.O-O Nbd7 7.Qc2 a6 8.Nbd2 b6
9.e4 dxc4 10.Nxc4 Bb7 11.Nfe5 Nxe5 12.dxe5 Nd7 13.Be3 Qb8 14.f4 a5 15.Bf2 b5
16.Ne3 a4 17.Rfd1 Rd8 18.Rac1 c5 19.Qe2 c4 20.Ng4 h5 21.Ne3 Nc5 22.Qxh5 Bxe4
23.Rxd8+ Qxd8 24.Bxe4 Nxe4 25.Rd1 Qc8 26.Qf3 Nxf2 27.Kxf2 Bc5 28.Ke2 a3 29.b3 cxb3
30.Rc1 b2 31.Rxc5  0-1

[Event "Troll Masters"]
[Site "Gausdal NOR"]
[Date "2001.01.11"]
[Round "8"]
[White "Akesson,R"]
[Black "Westerinen,H"]
[Result "1-0"]
[WhiteElo "2467"]
[BlackElo "2405"]

1.d4 e6 2.Nf3 Nf6 3.c4 d5 4.g3 Be7 5.Bg2 O-O 6.O-O c6 7.Qc2 b6 8.b3 Bb7 9.Nc3 Nbd7
10.Rd1 Rc8 11.e4 Nxe4 12.Nxe4 dxe4 13.Qxe4 Qc7 14.Bf4 Bd6 15.Bxd6 Qxd6 16.c5 Qe7
17.b4 Rfd8 18.Qe3 a5 19.bxa5 bxc5 20.dxc5 Nxc5 21.Rxd8+ Rxd8 22.Ne5 Qd6 23.Rc1 Na6
24.Nxc6 Bxc6 25.Rxc6 Qd1+ 26.Bf1 Nb4 27.Rc1 Qd6 28.Qb6 Kf8 29.Rb1 Nd5 30.Qxd6+ Rxd6
31.a6 Rd7 32.Rb7  1-0

[Event "Corus Reserve Gp"]
[Site "Wijk aan Zee NED"]
[Date "2001.01.18"]
[Round "3"]
[White "Breedveld,A"]
[Black "Happel,H"]
[Result "1/2-1/2"]
[WhiteElo "2119"]
[BlackElo "2224"]

1.d4 Nf6 2.Nf3 e6 3.g3 d5 4.Bg2 Be7 5.c4 c6 6.O-O O-O 7.Qc2 b6 8.Rd1 Ba6
9.Ne5 Nfd7 10.Nxd7 Nxd7 11.cxd5 cxd5 12.Nc3 Nf6 13.Bf4 Qd7 14.Rac1 Rac8 15.Qb1 Rfd8
16.h3 h6 17.Be5 Bc4 18.Rf1 Ne8 19.Rc2 Nd6 20.Bxd6 Bxd6 21.Qc1 Rc7 22.Qd2 Rdc8
23.Rfc1 Bb4 24.Qd1 f5 25.e3 Bd6 26.b3 Ba6 27.Nb1 Kf8 28.Rxc7 Rxc7 29.Rxc7 Qxc7
30.Bf1 Bxf1 31.Kxf1 Bb4 32.Ke2 Qf7 33.Kf1 Qc7  1/2-1/2

[Event "17th Open"]
[Site "Geneva SUI"]
[Date "2001.01.20"]
[Round "1"]
[White "Gurevich,D"]
[Black "Li Li"]
[Result "1-0"]
[WhiteElo "2543"]
[BlackElo "2181"]

1.d4 d5 2.c4 e6 3.Nf3 Nf6 4.g3 Be7 5.Bg2 O-O 6.O-O c5 7.dxc5 Bxc5 8.a3 dxc4
9.Qc2 Nc6 10.Qxc4 Qd5 11.Qh4 Qe4 12.Qxe4 Nxe4 13.b4 Bb6 14.Bb2 Rd8 15.Nc3 Nd2
16.Nxd2 Rxd2 17.Rab1 Bd7 18.Be4 Be8 19.Bd3 Bd4 20.Ba1 Rd8 21.Rfc1 Bxf2+ 22.Kxf2 R8xd3
23.b5 Nd4 24.Kf1 Nxe2 25.Nxe2 Rxa3 26.Rc8  1-0

[Event "ch-POL Boys U18"]
[Site "Zakopane POL"]
[Date "2001.01.25"]
[Round "10"]
[White "Maka,Mar"]
[Black "Wojciechowski,A"]
[Result "0-1"]
[WhiteElo "2094"]
[BlackElo "2112"]

1.c4 e6 2.g3 d5 3.Bg2 Nf6 4.d4 Be7 5.Nf3 O-O 6.O-O b6 7.Qc2 Bb7 8.Ne5 c5
9.dxc5 bxc5 10.cxd5 exd5 11.Rd1 Nbd7 12.Bf4 Nb6 13.a4 Nh5 14.a5 f6 15.Nd3 Nc4
16.g4 Nxf4 17.Nxf4 Nxa5 18.Ne6 Qb6 19.Nxf8 Rxf8 20.Bxd5+ Bxd5 21.Rxd5 Qe6
22.Nc3 Qxg4+ 23.Kh1 Nc6 24.Qe4 Qc8 25.Qf5 Qa8 26.Qe6+ Kh8 27.f3 Re8 28.Rd7 Bf8
29.Raxa7 Qxa7 30.Qxc6 Qb8 31.Rc7  0-1

[Event "ch-POL Boys U18"]
[Site "Zakopane POL"]
[Date "2001.01.25"]
[Round "10"]
[White "Lagowski,P"]
[Black "Jakubowski,K"]
[Result "0-1"]
[WhiteElo "2301"]
[BlackElo "2331"]

1.Nf3 d5 2.d4 Nf6 3.c4 e6 4.g3 Be7 5.Bg2 O-O 6.O-O b6 7.Nc3 Bb7 8.cxd5 exd5
9.Bf4 c5 10.Rc1 Na6 11.Qa4 Nc7 12.dxc5 bxc5 13.Rfd1 Ne6 14.Be5 Qb6 15.Qc2 Rfd8
16.Na4 Qb5 17.Nc3 Qa6 18.h3 d4 19.Bxf6 Bxf6 20.Na4 d3 21.Rxd3 Rxd3 22.exd3 Bxf3
23.Bxf3 Nd4 24.Qd1 Rd8 25.Bg4 g6 26.Nxc5 Qxa2 27.Qd2 h5 28.Bd1 Bg7 29.Rc4 Qxc4
30.dxc4 Nf3+ 31.Bxf3 Rxd2 32.b4 Bd4 33.Ne4 Rb2 34.b5 Rc2  0-1

[Event "ch-POL Boys U16"]
[Site "Zakopane POL"]
[Date "2001.01.25"]
[Round "10"]
[White "Marszalek,M"]
[Black "Miroslaw,M"]
[Result "1/2-1/2"]
[WhiteElo "2166"]
[BlackElo "2114"]

1.d4 d5 2.Nf3 Nf6 3.c4 e6 4.g3 Be7 5.Bg2 O-O 6.O-O Nbd7 7.Nc3 dxc4 8.e4 c6
9.Bf4 Nb6 10.Qe2 h6 11.Rfd1 Bb4 12.Ne5 Bxc3 13.bxc3 Na4 14.Qc2 Nb6 15.a4 a5
16.Rab1 Bd7 17.Bf1 Re8 18.Nxc4 Nxc4 19.Bxc4 Nh5 20.Be3 Rb8 21.Be2 Nf6 22.Bf4 Ra8
23.Rxb7 Bc8 24.Rbb1 Qe7 25.Bf3 Ba6 26.c4 Rec8 27.Rb2 Nd7 28.e5 Qd8 29.Rdb1 Qc7
30.Bd2 Ra7 31.c5 Qd8 32.Qc3 Rcc7 33.Be4 f5 34.Bf3 Nf8 35.Rb8 Bc8 36.R8b6 Bb7
37.Qc4 Qd7 38.Bh5 g6 39.Bf3 Qf7 40.Qc1 g5 41.Qe1 Qe8 42.Bxa5 Qa8 43.Bc3 Rxa4
44.Qd1 Ra3 45.Bb2 Ra6 46.Qb3 Ra7 47.Bc1 Qd8 48.Qc4 Qd7 49.Bd2 Ng6 50.Bc3  1/2-1/2

[Event "Open"]
[Site "Ubeda ESP"]
[Date "2001.01.27"]
[Round "7"]
[White "Fominyh,A"]
[Black "Zhang Zhong"]
[Result "1/2-1/2"]
[WhiteElo "2582"]
[BlackElo "2607"]

1.Nf3 Nf6 2.c4 e6 3.g3 d5 4.d4 Be7 5.Bg2 O-O 6.O-O dxc4 7.Qc2 a6 8.Qxc4 b5
9.Qc2 Bb7 10.Bd2 Be4 11.Qc1 Nbd7 12.Ba5 Rc8 13.Nbd2 Ba8 14.Nb3 Nb8 15.Rd1 Bd5
16.Bd2 Nbd7 17.Nc5 Nxc5 18.dxc5 Qe8 19.Be3 b4 20.a3 a5 21.axb4 axb4 22.Nd4 Bxg2
23.Kxg2 Nd5 24.Bd2 Bf6 25.Qc4 Rd8 26.Be1 e5 27.Nc2 Qe6 28.Kg1 e4 29.Nxb4 Nf4
30.Qxe6 Nxe6 31.Bc3 Bxc3 32.bxc3 Nxc5 33.Nd5 Ne6 34.Ra4 g6 35.Rxe4 Kg7 36.Rc4 c5
37.Kf1 g5 38.h4 h6 39.Ne3 Rxd1+ 40.Nxd1 Ra8 41.Ne3 Ra1+ 42.Kg2 Ra2 43.hxg5 hxg5
44.Kf3 Kg6 45.Ng4 f6 46.Ke3 Ra7 47.Kd2 Ra2+ 48.Kd3 Ra7 49.Re4 Ra6 50.Ne3 Kf7
51.Nc4 Ra1 52.Nd2 Ra2 53.f3 Ra1 54.Rc4 f5 55.e4 f4 56.g4 Kf6 57.Nb3 Re1 58.Kc2 Rf1
59.Nd2 Ra1 60.Kd3 Ke5 61.Nb3 Re1 62.Kc2 Rf1 63.Nd2 Ra1 64.Kd3 Ra3 65.Nb1 Ra2
66.Nd2 Kd6 67.Nb3 Ra3 68.Kc2 Ra2+ 69.Kd3  1/2-1/2